000 00311nam a22001337a 4500
008 181102b xxu||||| |||| 00| 0 eng d
020 _a0030581613
041 _aeng
080 _a370
100 _a49
101 _aEDU
245 _aGood Thinking An Introduction To Logic
_crUNKLE.g
942 _2udc
_cBK
999 _c51656
_d51656